Teatro español. (Record no. 178583)

MARC details
000 -LEADER
campo de control de longitud fija 01548nam a22003495i 4500
001 - NÚMERO DE CONTROL
campo de control 178583
003 - IDENTIFICADOR DE NÚMERO DE CONTROL
campo de control ES-MaACL
005 - FECHA Y HORA DE LA ÚLTIMA TRANSACCIÓN
campo de control 20251002162511.0
008 - DATOS DE LONGITUD FIJA--INFORMACIÓN GENERAL
campo de control de longitud fija 110608s1968 sp o |||| | spa d
080 ## - NÚMERO DE LA CLASIFICACIÓN DECIMAL UNIVERSAL
Número de la Clasificación Decimal Universal 821.134.2-2"19"
245 00 - MENCIÓN DEL TÍTULO
Título Teatro español.
Nombre de parte o sección de la obra 1966-1967 /
Mención de responsabilidad, etc. prólogo, notas y apéndice por Federico Carlos Sainz de Robles.
260 ## - PUBLICACIÓN, DISTRIBUCIÓN, ETC.
Lugar de publicación, distribución, etc. Madrid :
Nombre del editor, distribuidor, etc. Aguilar,
Fecha de publicación, distribución, etc. [1968]
300 ## - DESCRIPCIÓN FÍSICA
Extensión XXXV, 386, [10] p. de fot. bl. y n. ;
Dimensiones 21 cm.
490 1# - MENCIÓN DE SERIE
Mención de serie Colección literaria. Novelistas, dramaturgos, ensayistas, poetas
505 80 - NOTA DE CONTENIDO CON FORMATO
Nota de contenido con formato Contiene: Ninette (modas de París) / Miguel Mihura. Oficio de tinieblas / Alfonso Sastre. Corona de amor y muerte / Alejandro Casona. Desde Isabel, con amor / Alfonso Paso. La muchacha del sombrerito rosa / Víctor Ruiz Iriarte
650 #4 - PUNTO DE ACCESO ADICIONAL DE MATERIA--TÉRMINO DE MATERIA
Término de materia o nombre geográfico como elemento de entrada Teatro español-
Subdivisión cronológica S.XX.
9 (RLIN) 17356
700 1# - ENTRADA AGREGADA--NOMBRE PERSONAL
Nombre de persona Sainz de Robles, Federico Carlos,
Fechas asociadas al nombre 1898-1982
9 (RLIN) 101593
Término indicativo de función/relación Autor de introducción
700 1# - ENTRADA AGREGADA--NOMBRE PERSONAL
Nombre de persona Mihura, Miguel.
9 (RLIN) 81058
Término indicativo de función/relación Autor
700 1# - ENTRADA AGREGADA--NOMBRE PERSONAL
Nombre de persona Sastre, Alfonso,
Fechas asociadas al nombre 1926-
Término indicativo de función/relación Autor
9 (RLIN) 103915
700 1# - ENTRADA AGREGADA--NOMBRE PERSONAL
Nombre de persona Casona, Alejandro,
Fechas asociadas al nombre 1903-1965
Término indicativo de función/relación Autor
9 (RLIN) 171490
700 1# - ENTRADA AGREGADA--NOMBRE PERSONAL
Nombre de persona Paso, Alfonso
9 (RLIN) 89420
Término indicativo de función/relación Autor
700 1# - ENTRADA AGREGADA--NOMBRE PERSONAL
Nombre de persona Ruiz Iriarte, Víctor,
9 (RLIN) 100836
Fechas asociadas al nombre 1912-1982
Término indicativo de función/relación Autor
740 02 - ENTRADA AGREGADA--TÍTULO RELACIONADO/ANALÍTICO NO CONTROLADO
Título relacionado o analítico no controlado Ninette (modas de París)
740 02 - ENTRADA AGREGADA--TÍTULO RELACIONADO/ANALÍTICO NO CONTROLADO
Título relacionado o analítico no controlado Oficio de tinieblas.
740 02 - ENTRADA AGREGADA--TÍTULO RELACIONADO/ANALÍTICO NO CONTROLADO
Título relacionado o analítico no controlado Corona de amor y muerte.
740 02 - ENTRADA AGREGADA--TÍTULO RELACIONADO/ANALÍTICO NO CONTROLADO
Título relacionado o analítico no controlado Desde Isabel, con amor.
740 32 - ENTRADA AGREGADA--TÍTULO RELACIONADO/ANALÍTICO NO CONTROLADO
Título relacionado o analítico no controlado La muchacha del sombrerito rosa.
830 0# - PUNTO DE ACCESO ADICIONAL DE SERIE-TÍTULO UNIFORME
Título uniforme Colección literaria. Novelistas, dramaturgos, ensayistas, poetas
9 (RLIN) 183856
852 ## - LOCALIZACIÓN
Ubicación ES-MaACL
Número de control de estantería E-15350
Encuadernación Olim P-83
942 ## - ELEMENTOS DE ENTRADA SECUNDARIOS (KOHA)
Fuente del sistema de clasificación o colocación Clasificación decimal universal
Holdings
Estatus retirado Estado de pérdida Estado de daño No para préstamo Biblioteca de origen Biblioteca actual Ubicación en estantería Fecha de adquisición Fuente de adquisición Total de préstamos Signatura topográfica completa Código de barras Visto por última vez Precio de reemplazo Tipo de ítem Koha
        Biblioteca del Ateneo de Madrid Biblioteca del Ateneo de Madrid Depósito 2 08/06/2011     E-15350 1187591 23/02/2023 23/02/2023 Libro impreso